[Event "Wales-chT 1920"]
[Site "Wales"]
[Date "2019.12.01"]
[Round "2.5"]
[White "Owen, Andrew"]
[Black "Davies, Matthew"]
[Result "1-0"]
[WhiteElo "1973"]
[BlackElo "1914"]
[PlyCount "57"]
[EventDate "2019.10.20"]
[EventType "team-tourn"]
[EventRounds "7"]
[EventCountry "WLS"]
[SourceTitle "EXT 2022"]
[Source "ChessBase"]
[SourceDate "2021.10.06"]
[SourceVersion "1"]
[SourceVersionDate "2021.10.06"]
[SourceQuality "1"]
[WhiteTeam "Abergavenny"]
[BlackTeam "Nidum"]
[WhiteTeamCountry "WLS"]
[BlackTeamCountry "WLS"]

1. e4 e6 2. d4 d5 3. Nd2 Nf6 4. e5 Nfd7 5. Bd3 c5 6. c3 Nc6 7. Ne2 cxd4 8. cxd4 Qb6 9. Nf3 f6 10. exf6 Nxf6 11. 0-0 Bd6 12. b3 0-0 13. Bb2 Bd7 14. Nc3 a6 15. Na4 Qc7 16. Rc1 Rac8 17. Ne5 Qd8 18. Qe2 Qe7 19. Rfe1 Rce8 20. Bb1 Bb4 21. Red1 Rc8 22. Qe3 Nxe5 23. dxe5 Ng4 24. Qh3 Nh6 25. Nc3 Nf5 26. Ne2 g6 27. Rxc8 Rxc8 28. Qg4 Qg7 29. Qxb4 1-0

[Event "Lever Hall Ebbw Vale op"]
[Site "Ebbw Vale"]
[Date "1998.02.26"]
[Round "4"]
[White "Dodington, Russell H"]
[Black "Owen, Andrew"]
[Result "0-1"]
[WhiteElo "1715"]
[BlackElo "1730"]
[PlyCount "58"]
[EventDate "1998.10.??"]
[EventType "swiss"]
[EventRounds "5"]
[EventCountry "ENG"]
[SourceTitle "EXT 2003"]
[Source "ChessBase"]
[SourceDate "2002.11.25"]
[SourceVersion "1"]
[SourceVersionDate "2002.11.25"]
[SourceQuality "1"]

1. e4 b6 2. d4 e6 3. Bd3 Bb7 4. Nf3 Nf6 5. Qe2 Be7 6. Nc3 c5 7. Be3 a6 8. e5 Nd5 9. Nxd5 Bxd5 10. c3 Qc8 11. 0-0 c4 12. Bc2 Qb7 13. Ne1 g5 14. Qh5 Nc6 15. f4 gxf4 16. Rxf4 0-0-0 17. Rxf7 Rhg8 18. Rf2 d6 19. Bf4 dxe5 20. dxe5 Bc5 21. Qxh7 Qxh7 22. Bxh7 Rgf8 23. g3 Nxe5 24. Kf1 Bxf2 25. Kxf2 Ng4+ 26. Kg1 Rh8 27. Bg5 Rxh7 28. Bxd8 Rxh2 29. Bxb6 Rh1# 0-1